000 00816nam a2200205 i 4500
001 173865
003 ES-MaACL
005 20230906215355.0
007 t|
008 100127s1887 sp |||| | spa d
110 2 _aReal Academia de Ciencias Exactas, Físicas y Naturales de España.
_9175635
245 1 0 _aMemorias de la Real Academia de Ciencias
_g1887.
260 _aMadrid :
_b[s.n.],
_c1887 (Imp. de la Viuda e Hijo de Aguado)
300 _av. ;
_c28 cm.
505 8 _aContiene. T. XII ;
_tEstudio teórico-práctico de las máquinas dinamo-eléctricas /
_rFrancisco de P. Rojas y Caballero Infante (307 p.)
650 0 4 _aDinamos.
_911896
700 1 _aArévalo y Baca, José.
_9142042
740 0 2 _aEstudio elemental teórico-práctico de las máquinas dinamo-eléctricas.
852 _aES-MaACL
_jK-227
999 _c173865
_d173865